[Event "Hoogeveen op 22nd"]
[Site "Hoogeveen"]
[Date "2018.10.27"]
[Round "9"]
[White "Oord, Raymon"]
[Black "Emans, Job"]
[Result "1/2-1/2"]
[WhiteElo "1900"]
[BlackElo "1927"]
[PlyCount "115"]
[EventDate "2018.10.20"]
[EventType "swiss"]
[EventRounds "9"]
[EventCountry "NED"]
[SourceTitle "CBM 187 Extra"]
[Source "ChessBase"]
[SourceDate "2018.11.04"]
[SourceVersion "1"]
[SourceVersionDate "2018.11.04"]
[SourceQuality "1"]

1. c4 e6 2. Nc3 d5 3. d4 Nf6 4. e3 Be7 5. Nf3 Nbd7 6. cxd5 exd5 7. Bd3 0-0 8. 0-0 Re8 9. b3 c6 10. Bb2 Bd6 11. Rc1 Nf8 12. Re1 Ng6 13. e4 Bf4 14. Nd2 dxe4 15. Ncxe4 Nd5 16. g3 Bc7 17. Qh5 Bd7 18. Nc4 b5 19. Ne5 Bxe5 20. dxe5 Nb4 21. Bb1 Be6 22. Ng5 h6 23. Nxe6 Rxe6 24. Bf5 Qe7 25. Bxe6 Qxe6 26. Rcd1 Nd5 27. f4 Nge7 28. Qf3 Qg6 29. Bd4 h5 30. Kh1 a6 31. Bc5 Nf5 32. Bf2 Re8 33. h3 Nh6 34. Qd3 Qe6 35. Kh2 Re7 36. Qf3 g6 37. Rc1 Kh7 38. Rc5 Rc7 39. Rec1 Rc8 40. a3 Nf5 41. a4 Nfe7 42. axb5 axb5 43. Ra1 Qf5 44. Ra7 Rd8 45. Rc1 Nc8 46. Rb7 Nb4 47. g4 hxg4 48. hxg4 Rd3 49. gxf5 Rxf3 50. Bg3 gxf5 51. Rxf7+ Kg8 52. Rxf5 Ne7 53. Rg5+ Kf7 54. Ra1 Nbd5 55. Kg2 Rxb3 56. f5 Ne3+ 57. Kh2 N3xf5 58. Rf1 1/2-1/2

[Event "Groningen op-B 55th"]
[Site "Groningen"]
[Date "2017.12.29"]
[Round "8"]
[White "Oord, Raymon"]
[Black "Martinez, Anna"]
[Result "1-0"]
[WhiteElo "1873"]
[BlackElo "1793"]
[PlyCount "86"]
[EventDate "2017.12.22"]
[EventType "swiss"]
[EventRounds "9"]
[EventCountry "NED"]
[SourceTitle "CBM 182 Extra"]
[Source "ChessBase"]
[SourceDate "2018.02.23"]
[SourceVersion "1"]
[SourceVersionDate "2018.02.23"]
[SourceQuality "1"]

1. c4 e6 2. d4 Nf6 3. Nc3 Bb4 4. a3 Bxc3+ 5. bxc3 b6 6. f3 Bb7 7. e4 d6 8. Nh3 h6 9. Nf2 g5 10. Qc2 Nbd7 11. Be3 Qe7 12. Bd3 Nh5 13. Qd2 0-0-0 14. Kd1 Rdf8 15. Kc1 f5 16. Qc2 Nf4 17. Bxf4 gxf4 18. exf5 exf5 19. Kb2 Rhg8 20. Nh3 Qe3 21. Rhe1 Rxg2 22. Qxg2 Qxd3 23. Qe2 Qxe2+ 24. Rxe2 Bxf3 25. Rf2 Be4 26. Rxf4 Bd3 27. Kb3 b5 28. cxb5 Bxb5 29. a4 Bc6 30. a5 a6 31. Rg1 Rf6 32. c4 Nf8 33. Rg8 Kb7 34. d5 Bd7 35. Rf2 Ng6 36. Kc3 f4 37. Rb2+ Ka7 38. Rgb8 Bb5 39. Rd8 Ba4 40. Rb4 f3 41. Nf2 Nf4 42. Rxa4 Ne2+ 43. Kd2 Rf5 1-0

[Event "Groningen op-B 55th"]
[Site "Groningen"]
[Date "2017.12.27"]
[Round "6"]
[White "Beukema, Constantijn"]
[Black "Oord, Raymon"]
[Result "1/2-1/2"]
[WhiteElo "1811"]
[BlackElo "1873"]
[PlyCount "91"]
[EventDate "2017.12.22"]
[EventType "swiss"]
[EventRounds "9"]
[EventCountry "NED"]
[SourceTitle "CBM 182 Extra"]
[Source "ChessBase"]
[SourceDate "2018.02.23"]
[SourceVersion "1"]
[SourceVersionDate "2018.02.23"]
[SourceQuality "1"]

1. e4 e5 2. Nf3 Nf6 3. Nc3 d6 4. Bc4 Be7 5. d4 Nc6 6. dxe5 Nxe5 7. Nxe5 dxe5 8. 0-0 c6 9. f4 Qd4+ 10. Qxd4 exd4 11. e5 dxc3 12. exf6 Bxf6 13. Re1+ Kd8 14. b3 Be6 15. Bxe6 fxe6 16. Rxe6 Re8 17. Rxe8+ Kxe8 18. Ba3 Rd8 19. Re1+ Kf7 20. Kf2 Rd2+ 21. Re2 Rd1 22. Bc5 b6 23. Be3 Rd5 24. a4 c5 25. Kf3 c4 26. Ke4 Rd1 27. bxc4 Ra1 28. Bd4 Rxa4 29. Bxf6 Kxf6 30. Kd3 Ra3 31. g4 h6 32. h4 Ra1 33. g5+ Kf5 34. Re7 hxg5 35. fxg5 g6 36. Kxc3 Ra5 37. Rg7 Ra1 38. Kb2 Ra4 39. Kb3 Ra1 40. Kc3 Ra5 41. Kd4 Ra4 42. Kd5 Ra5+ 43. Kd4 Ra4 44. Kd5 Ra5+ 45. Kd4 Ra4 46. Kd5 1/2-1/2

[Event "Groningen op-B 55th"]
[Site "Groningen"]
[Date "2017.12.26"]
[Round "5"]
[White "Oord, Raymon"]
[Black "Verwoert, Jef"]
[Result "0-1"]
[WhiteElo "1873"]
[BlackElo "1990"]
[PlyCount "90"]
[EventDate "2017.12.22"]
[EventType "swiss"]
[EventRounds "9"]
[EventCountry "NED"]
[SourceTitle "CBM 182 Extra"]
[Source "ChessBase"]
[SourceDate "2018.02.23"]
[SourceVersion "1"]
[SourceVersionDate "2018.02.23"]
[SourceQuality "1"]

1. c4 e5 2. Nc3 Nf6 3. g3 d5 4. cxd5 Nxd5 5. Bg2 Nb6 6. d3 Be7 7. Nf3 Nc6 8. Be3 0-0 9. 0-0 Be6 10. Nd2 Nd5 11. Nxd5 Bxd5 12. Ne4 f5 13. Nc3 Bxg2 14. Kxg2 f4 15. Bd2 f3+ 16. exf3 Qxd3 17. Be3 Qc4 18. Qd5+ Qxd5 19. Nxd5 Bd6 20. Rac1 Rf7 21. f4 exf4 22. Nxf4 Nb4 23. a3 Bxf4 24. Bxf4 Nd3 25. Rc4 Nxf4+ 26. gxf4 Rd8 27. Re1 c6 28. Re3 g6 29. a4 Rd5 30. Re8+ Kg7 31. h4 Rfd7 32. Re3 Kf6 33. Kg3 Rd4 34. Rxd4 Rxd4 35. b3 c5 36. Rc3 b6 37. a5 Kf5 38. axb6 axb6 39. Re3 Rxf4 40. Re7 Rg4+ 41. Kh3 Rb4 42. Re3 Kf4 43. Rg3 b5 44. h5 g5 45. Rg4+ Kf5 0-1

[Event "Groningen op-B 55th"]
[Site "Groningen"]
[Date "2017.12.23"]
[Round "3"]
[White "Oord, Raymon"]
[Black "Hoogeboom, Boudewijn"]
[Result "1/2-1/2"]
[WhiteElo "1873"]
[BlackElo "1627"]
[PlyCount "77"]
[EventDate "2017.12.22"]
[EventType "swiss"]
[EventRounds "9"]
[EventCountry "NED"]
[SourceTitle "CBM 182 Extra"]
[Source "ChessBase"]
[SourceDate "2018.02.23"]
[SourceVersion "1"]
[SourceVersionDate "2018.02.23"]
[SourceQuality "1"]

1. c4 g6 2. d4 Bg7 3. e4 Nc6 4. d5 Nd4 5. Nf3 c5 6. Nxd4 Bxd4 7. Nc3 a6 8. Be3 e5 9. Qd2 d6 10. f4 Nf6 11. Bd3 0-0 12. fxe5 Bxe5 13. h3 Nh5 14. Ne2 Ng3 15. Nxg3 Bxg3+ 16. Kd1 Be5 17. g4 Bd7 18. Ke2 b5 19. Rab1 bxc4 20. Bxc4 Bb5 21. b3 Qd7 22. Bd3 Rac8 23. Rbc1 Rfe8 24. a4 Bxd3+ 25. Qxd3 Qb7 26. Rc4 a5 27. Kd2 Qe7 28. Kc2 Bd4 29. Bxd4 cxd4 30. Qxd4 Rxc4+ 31. bxc4 Qxe4+ 32. Qxe4 Rxe4 33. Kd3 Re5 34. Rb1 f5 35. gxf5 Rxf5 36. Rb6 Rf3+ 37. Kd4 Rf4+ 38. Kd3 Rf3+ 39. Kd4 1/2-1/2

[Event "Hoogeveen Unive op 19th"]
[Site "Hoogeveen"]
[Date "2015.10.21"]
[Round "6"]
[White "Oord, Raymon"]
[Black "Kossen, Johannes"]
[Result "0-1"]
[WhiteElo "1888"]
[BlackElo "2029"]
[PlyCount "144"]
[EventDate "2015.10.17"]
[EventType "swiss"]
[EventRounds "9"]
[EventCountry "NED"]
[SourceTitle "EXT 2017"]
[Source "ChessBase"]
[SourceDate "2016.10.25"]
[SourceVersion "1"]
[SourceVersionDate "2016.10.25"]
[SourceQuality "1"]

1. c4 c5 2. Nc3 Nf6 3. g3 d5 4. cxd5 Nxd5 5. Bg2 Nc7 6. Nf3 Nc6 7. 0-0 e5 8. d3 Be7 9. Be3 f6 10. Nd2 Nd4 11. Nb3 Rb8 12. Ne4 b6 13. f4 0-0 14. Nxd4 exd4 15. Bd2 Be6 16. f5 Bf7 17. Bf4 Rc8 18. Bxc7 Rxc7 19. Qd2 Bd6 20. Nxd6 Qxd6 21. e4 dxe3 22. Qxe3 Re7 23. Be4 c4 24. Rf4 Rfe8 25. Rg4 Kf8 26. Qf4 Qb4 27. Qf2 cxd3 28. Bf3 Re1+ 29. Kg2 Qe7 30. Rxe1 Qxe1 31. Rd4 Qb1 32. Qd2 Qc2 33. Rxd3 Qxd2+ 34. Rxd2 Bxa2 35. Rd7 Re7 36. Rd8+ Kf7 37. Rh8 Rc7 38. Bh5+ Ke7 39. Rxh7 Kd6 40. Bg6 Ke5 41. Kf3 a5 42. h4 b5 43. h5 Bd5+ 44. Ke3 Rb7 45. Rh8 Bc6 46. Rc8 Bd7 47. Rc5+ Kd6 48. Rc2 a4 49. g4 b4 50. Rd2+ Kc5 51. Kf4 b3 52. Bf7 a3 53. Bxb3 Rb4+ 54. Bc4 Rxc4+ 55. Kg3 a2 56. b4+ Rxb4 57. Rxa2 Ba4 58. Rd2 Rd4 59. Rh2 Bd1 60. Rh4 Kd6 61. g5 Rd3+ 62. Kf4 Rf3+ 63. Ke4 fxg5 64. Rh1 Rf4+ 65. Ke3 Bg4 66. h6 gxh6 67. Rxh6+ Ke5 68. Re6+ Kxf5 69. Re8 Bh3 70. Rh8 Kg4 71. Rh7 Rf8 72. Rg7 Kh4 0-1